000 00508nam a2200145Ia 4500
001 10962
003 GE_BSU
008 181216s||||||||xx |||||||||||||| ||und||
040 _cGE_BSU
245 _aЭнциклопедический словарь
245 _bТ.XIXа=:Михаила Ордень-Московский Телеграфь.
245 _cПодь Ред: К.К. Арсеньева,О.О. Петрушевскаго.
653 _aЭнциклопедический словарь
942 _cBK
999 _c44204
_d44204